00452nam a2200181 a 4500001001300000003000900013005001700022008004100039020002300080082001500103100002100118245002000139260002900159300000900188500003500197650001700232700002100249nice12345678IN_TiNIC20260116014928.0100209s1987 newa grp 000 0 eng  a9780264671079c10000a232.4bHAR aHarries, Richard aChrist Is Risen aNew YorkbMowbray c1987 a131p aincludes index and biblioraphy aResurrection1 aHarries, Richard